000 00545nam a2200193Ia 4500
005 20250923144500.0
008 008 250917s9999 xx 000 0 eng d
037 _aTextual
040 _aDSWL
_beng
_cDSWL
041 _aeng
_2eng
084 _aX:321:f, N46
_qDSWL
245 0 _aHow to conduct consumers and opinion research
_c Ed.by Albert B. Blakenship
260 _aNew York
_b Harper & Bros
_c1946
300 _axi,314p.
365 _aUSD
_b4
925 _g4
942 _cTEXL
_hX:321:f, N46
999 _c1439446
_d1439446